| 000 | 00340nam a22001337a 4500 | ||
|---|---|---|---|
| 008 | 181019b xxu||||| |||| 00| 0 eng d | ||
| 020 | _a9780804721028 | ||
| 041 | _aeng | ||
| 080 | _a574 | ||
| 100 | _a9 | ||
| 101 | _aMJE | ||
| 245 |
_aFrom Families And The Ecology Intensive Sustainable Agricuture _cRobert.M.N |
||
| 942 |
_2udc _cBK |
||
| 999 |
_c50208 _d50208 |
||